000 00524nam a2200181Ia 4500
005 20250326124353.0
008 250326s9999 xx 000 0 und d
037 _aTextbook
040 _aFMSL
_beng
_cFMSL
041 _aeng
_2eng
084 _aX:74y7 L7
_qFMSL
100 _aRogers D C D
_9737300
245 0 _aBusiness policy and planning: text and cases
_cRogers D C D
260 _aNew Jersey
_bNew Jersey, Prentice-Hall
_c1977
300 _a543p
942 _cTB
_hX:74y7 L7
999 _c1273460
_d1273460